LEADER 00618naa a2200145 i 4500 001 000000302213 003 CaOOAMICUS 005 20180831172737.0 008 180831n xx u000 u und u 013 $a9948 040 $aSeMil$bita 100 1 $aFerraro, Giuseppe,$c.$0(OLS)http://semarc/name/89726 245 13$aIl Cuore di Cristo e il ministero liturgico del sacerdozio minist. 773 0 $tCorazón sacerdotal de Jesucristo.$dBurgos : Aldecoa, 1984.$kTeología del sacerdocio$z84-7009-218-9$w()35972 996 $6245$aIl Cuore di Cristo e il ministero liturgico del sacerdozio minist$9(OLS)http://semarc/title/378197 LEADER 01198nam a2200277 i 4500 001 000000187263 003 CaOOAMICUS 005 20150309000000.0 008 150309n it u000 u ita u 013 $a165328 040 $aSeMil$bita 245 13$aLa prosa del Duecento /$ca cura di Cesare Segre e Mario Marti. 260 $aMilano ; Napoli :$bRiccardo Ricciardi,$cstampa 1959. 300 $aXLIII, 1143 p. ;$c23 cm. 490 0 $aLa letteratura italiana : storia e testi ;$vVolume3 500 $aIn custodia. - Fondo card. Giovanni Colombo. 650 4$aLetteratura italiana - Sec. 13.$0(OLS)http://semarc/subject/3991 700 1 $aMarti, Mario.$0(OLS)http://semarc/name/1204 700 1 $aSegre, Cesare,$d<1928-2014>.$0(OLS)http://semarc/name/3893 830 3$aLa letteratura italiana : storia e testi ;$vVolume3.$0(OLS)http://semarc/title/220 850 $aSeMil 852 $aSeMil$W1$xVenegono$y1$m3GC VII 176$j137950$B137950$CSeMilBibl$Z2$F149422 $8B 941 1 $a3 961 $aLascito: Colombo Card. Giovanni 996 $6245$aLa prosa del Duecento$9(OLS)http://semarc/title/269366 996 $6260$aMilano ; Napoli :$bRiccardo Ricciardi$9(OLS)http://semarc/publisher/34184